000 00266nam a22001217a 4500
008 181030b xxu||||| |||| 00| 0 eng d
041 _aeng
080 _a591
100 _a7
101 _aZOO
245 _aBasic Clinical Parasitology
_cBrown, H.W
942 _2udc
_cBK
999 _c51191
_d51191